Prince Charting Songs (Billboard Hot 100) - Statistics

General Stats
  • This quiz has been taken 103 times
  • The average score is 21 of 47
Answer Stats
Album Weeks On Peak Artist(s) Song % Correct
Purple Rain 22 Weeks #2 Prince and the Revolution Purple Rain
100%
Purple Rain 23 Weeks #1 (5 Weeks) Prince When Doves Cry
97%
1999 30 Weeks #12 Prince 1999
96%
Parade 20 Weeks #1 (2 Weeks) Prince and the Revolution Kiss
94%
Purple Rain 21 Weeks #1 (2 Weeks) Prince and the Revolution Let's Go Crazy
93%
1999 24 Weeks #6 Prince Little Red Corvette
92%
Batman 18 Weeks #1 (1 Week) Prince Batdance
82%
Diamonds and Pearls 21 Weeks #3 Prince and the N.P.G. Diamonds and Pearls
82%
Around the World in a Day 18 Weeks #2 Prince and the Revolution Raspberry Beret
82%
Sign o' the Time 14 Weeks #3 Prince Sign 'O' the Times
81%
Diamonds and Pearls 20 Weeks #1 (2 Weeks) Prince and the N.P.G. Cream
76%
Purple Rain 16 Weeks #8 Prince and the Revolution I Would Die 4 U
64%
The Gold Experience 26 Weeks #3 Prince The Most Beautiful Girl in the World
61%
Sign o' the Times 25 Weeks #2 Prince U Got the Look
60%
Lovesexy 13 Weeks #8 Prince Alphabet St.
56%
Controversy 11 Weeks #70 Prince Controversy
56%
Prince 16 Weeks #11 Prince I Wanna Be Your Lover`
53%
Purple Rain 12 Weeks #25 Prince and the Revolution Duet with Apollonia Take Me With U
47%
Love Symbol Album 23 Weeks #7 Prince and the N.P.G. 7
46%
Sign o' the Times 17 Weeks #10 Prince I Could Never Take the Place of Your Man
46%
Around the World in a Day 14 Weeks #7 Prince and the Revolution Pop Life
44%
1999 18 Weeks #8 Prince Delirious
43%
Graffiti Bridge 13 Weeks #6 Prince Thieves in the Temple
43%
Batman 10 Weeks #18 Prince Partyman
39%
The Gold Experience 2 Weeks #88 Prince Gold
35%
Parade 11 Weeks #23 Prince and the Revolution Mountains
33%
Love Symbol Album 11 Weeks #36 Prince and the N.P.G. My Name is Prince
33%
Diamonds and Pearls 14 Weeks #21 Prince and the N.P.G. Gett Off
32%
Sign o' the Times 6 Weeks #67 Prince If I Was Your Girlfriend
32%
For You 4 Weeks #92 Prince Soft and Wet
32%
Love Symbol Album 4 Weeks #66 Prince and the N.P.G. Sexy MF
31%
Around the World in a Day 7 Weeks #46 Prince and the Revolution America
29%
1999 10 Weeks #52 Prince LET's PRETEND WE'rE MARRIED
25%
Diamonds and Pearls 13 Weeks #23 Prince and the N.P.G. Money Don't Matter 2 Night
22%
Batman 14 Weeks #36 Prince with Sheena Easton The Arms of Orion
22%
3121 1 Week #60 Prince Black Sweat
21%
The Gold Experience 10 Weeks #12 Prince I Hate U
18%
Parade 10 Weeks #63 Prince and the Revolution Anotherloverholenyohead
15%
Sign o' the Times 9 Weeks #63 Prince Hot Thing
15%
Love Symbol Album 11 Weeks #44 Prince and the N.P.G. The Morning Papers
15%
Come 14 Weeks #31 Prince Letitgo
14%
Graffiti Bridge 5 Weeks #64 Prince New Power Generation
14%
The Hits / B Sides 9 Weeks #50 Prince Pink Cashmere
14%
Musicology 18 Weeks #75 Prince Call My Name
13%
Diamonds and Pearls 7 Weeks #77 Prince and the N.P.G. Insatiable
11%
Non-Album Single 2 Weeks #84 Prince Purple Medley
6%
Rave Un2 the Joy Fantastic 13 Weeks #63 Prince The Greatest Romance Ever Sold
4%
No matching quizzes found
Score Distribution
Percent of People with Each Score
Percentile by Number Answered
Your Score History
You have not taken this quiz